Čaroborci Úžasná Plochozem

Bibliographic Details
Main Author: Pratchett, Terry, 1948-2015 (Author)
Other Authors: Gális, Vladislav, 1973- (Translator)
Format: Book
Language:Slovak
English
PhysicalDescription:286 strán 20 cm
Published: Bratislava Slovart 2020
ISBN:9788055645650
Edition:Druhé slovenské vydanie
Subjects:

MARC

LEADER 00000cam a2200000 4500
001 vtls011985990
003 SK-MaSNL
005 20260301150250.0
008 220509s2020 xo gr 010 f slo
015 |a SNBA2021/02 
020 |a 9788055645650  |q (brožovaná) 
035 |a urn:nbn:sk:snk-am00ghcr 
035 |a urn:nbn:sk:snk-am3j7ah 
035 |a 7CB08DBB-D1CD-4E91-98E0-A7950C4954A6 
040 |a SNK  |b slo  |c SNK  |e rda 
041 1 |a slo  |h eng 
044 |a xo  |c SK 
072 7 |a 821.111-3  |x Anglická próza, anglicky písaná  |2 konspekt 
080 |a 821.111-31  |2 2011 
100 1 |a Pratchett, Terry,  |d 1948-2015  |4 aut  |9 89895 
240 1 0 |a Sourcery  |l Slovensky 
245 1 0 |a Čaroborci  |p Úžasná Plochozem  |c Terry Pratchett ; z anglického originálu Sourcery ... preložil Vladislav Gális 
246 3 0 |a Úžasná Plochozem 
246 1 |i Séria:  |a Vetroplaš  |n 3 
250 |a Druhé slovenské vydanie 
264 1 |a Bratislava  |b Slovart  |c 2020 
300 |a 286 strán  |c 20 cm 
336 |a text  |b txt  |2 rdacontent 
337 |a bez média  |b n  |2 rdamedia 
338 |a zväzok  |b nc  |2 rdacarrier 
500 |a Údaje o sérii prevzaté z internetového zdroja martinus.sk 
500 |a Obsahuje poznámky pod čiarou 
500 |a Preložené z angličtiny 
655 7 |a anglické romány  |2 SNKPH  |9 70428 
655 7 |a fantasy romány  |2 SNKPH  |9 121434 
655 7 |a English fiction  |2 SNKPHeng  |9 109944 
655 7 |a Fantasy novels  |2 SNKPHeng  |9 248525 
700 1 |a Gális, Vladislav,  |d 1973-  |4 trl  |9 97470 
919 |a 978-80-556-4565-0 
958 |a LX 
958 |a UP 
968 |b ENG 
999 |c 782949  |d 784879 
952 |a SNK  |b SNK  |y PREZ  |7 0  |p 17A1447629  |o snkSD 89556  |i snk2020/22599  |8 0  |z    |0 0  |1 0  |4 0  |d 2020-12-14  |f 1  |l 0  |r 2026-02-24 01:10:24  |w 2026-02-24 
952 |a SNK  |b SNK  |y PREZ  |7 0  |p 17A1447630  |o snkSD 89556 D1  |i snk2020/22600  |8 0  |0 0  |1 0  |4 0  |d 2020-12-14  |l 0  |r 2026-02-24 01:10:24  |w 2026-02-24